Can AI Predict Inflation?

Skúmanie presnosti predpovedí rôznych metód strojového učenia. Ukázalo sa, že tieto metódy môžu zlepšiť výkonnosť predpovedí. Zistenia podporujú záver, že naše metódy môžu zlepšiť presnosť predpovedí, ak je k dispozícii relatívne veľký súbor údajov.

Salvato in:
Dettagli Bibliografici
Autore principale: Csápai, Ádám, 1996-
Natura: Capitolo di libro
Lingua:inglese
Soggetti:
Tags: Aggiungi Tag
Nessun Tag, puoi essere il primo ad aggiungerne!!

MARC

LEADER 00000naa$a2200000$$$4500
001 0311318
005 20260313131956.3
041 0 |a eng 
044 |a HU 
245 1 0 |a Can AI Predict Inflation?  |c Ádám Csápai 
520 |a Skúmanie presnosti predpovedí rôznych metód strojového učenia. Ukázalo sa, že tieto metódy môžu zlepšiť výkonnosť predpovedí. Zistenia podporujú záver, že naše metódy môžu zlepšiť presnosť predpovedí, ak je k dispozícii relatívne veľký súbor údajov. 
610 2 0 |a makroekonomika 
610 2 0 |a učenie strojové 
610 2 0 |a inteligencia umelá 
610 2 0 |a inflácia 
100 1 |a Csápai, Ádám, 1996-